Stowaway to America

Αποθηκεύτηκε σε:
Λεπτομέρειες βιβλιογραφικής εγγραφής
Κύριος συγγραφέας: Dahl, Borghild
Μορφή: Βιβλίο
Γλώσσα:English
Δημοσίευση: New York : Dutton & Co., 1959
Θέματα:
Ετικέτες: Προσθήκη ετικέτας
Δεν υπάρχουν, Καταχωρήστε ετικέτα πρώτοι!

MARC

LEADER 00000cam a2200000 i 4500
001 1/53389
008 040421s1959 eng d
035 |l 10073090 
040 |a GR-MY-UA  |b gre  |e aacr 
041 0 |a eng 
082 0 |a 813 
100 1 |a Dahl, Borghild. 
245 1 0 |a Stowaway to America /  |c Borghild Dahl 
260 |a New York :   |b Dutton & Co.,   |c 1959 
300 |a 192 p. 
650 0 0 |a American fiction. 
852 |a INST  |b RHODES  |c AKA  |e 20040421  |h  813 DAH  |p 005400019268  |q 005400019268  |t BK  |y 0 
901 |a BIBL4-2004-1 
909 |a Ρ  |b 109256 
970 |a ΚΟΥΛΑΚΙΟΤΗ  |b ΛΙΤΣΑ  |z 2004/04/21